00569nam a22001817a 4500003000400000020001800004082001700022100002500039245003000064250000800094260004400102300000900146650001800155653001800173942001600191952016300207999001700370SGT a9789389188837 a617.63bO20G aGhom, Anil Govindrao aTextbook of Oral Medicine a4th aNew Delhi, IndiabJaypee Brothersc2020 a1023 aOral Medicine aOral Medicine 2ddccBK019 00102ddc4070aFDbFDd2022-06-10eAhuja Book Co. Pvt. Ltd. g2095.00iSGTUl19o617.63 O20GpFD8859r2024-10-28 00:00:00s2024-02-22w2022-04-16yBKk14353 c22807d22807